| 000 | 00864nam a22002177a 4500 | ||
|---|---|---|---|
| 999 |
_c7527 _d7527 |
||
| 003 | AR-CdUCM | ||
| 008 | 190320b ||||| |||| 00| 0 spa d | ||
| 040 |
_aMUNICIPALIDAD PROVINCIAL DEL CUSCO _cBIBLIOTECA MUNICIPAL DEL CUSCO |
||
| 082 |
_a791.5 / _bF83 |
||
| 100 |
_aFreitas, Otto _921246 |
||
| 245 | _aOcho obritas para teatro de títeres / | ||
| 260 |
_aMontevideo : _bTalleres Hispano Uruguaya de Artes Gráficas, _c1962. |
||
| 300 |
_a60 páginas ; _bilustraciones ; _c32 cm. |
||
| 500 | _aDonación de la familia Nieto. Con dedicatoria del autor | ||
| 505 | _aContenido: Buenos días vecinos -- Carlitos pescador -- El Miserable y el Globero -- El soldadito -- La corona del rey cerdo ... | ||
| 650 |
_aTiteres _913473 |
||
| 650 |
_aTeatro infantil _912316 |
||
| 700 |
_aGonzales, Leonilda (Xilografías) _921247 |
||
| 942 |
_2ddc _cLIBROS |
||
| 945 | _araen | ||